[Event "27th Rubinstein Memorial"]
[Site "Polanica Zdroj POL"]
[Date "1989.08.??"]
[Round "11"]
[White "Nun, Jiri"]
[Black "Tseitlin, Mikhail"]
[WhiteElo "2475"]
[BlackElo "2381"]
[Result "1/2-1/2"]
[EventDate "1989.08.04"]
[PlyCount "113"]
1. e4 e5 2. Nf3 Nc6 3. Bc4 Bc5 4. c3 Nf6 5. b4 Bb6 6. d3 d6 7. a4 a6 8. O-O O-O 9. Nbd2 Ne7 10. Bb3 Ng6 11. Nc4 Ba7 12. Be3 Qe7 13. Qd2 Be6 14. Bxa7 Rxa7 15. Ng5 Bd7 16. Ne3 h6 17. Nf3 Be6 18. Bc2 Raa8 19. d4 Rad8 20. Rfe1 Rfe8 21. a5 c6 22. c4 Bc8 23. d5 cxd5 24. cxd5 Nf4 25. Ra3 Nh7 26. Nf1 Bd7 27. Rc3 Rc8 28. Ree3 Ng5 29. Ne1 Bb5 30. Ng3 Qf6 31. Bd1 g6 32. h4 Nh7 33. Nf3 Bd7 34. Nf1 g5 35. hxg5 Nxg5 36. Nxg5 hxg5 37. Rxc8 Rxc8 38. Rc3 Qd8 39. Ne3 Rxc3 40. Qxc3 Kg7 41. Qc2 Ng6 42. g3 Ne7 43. Be2 f6 44. Bd3 b5 45. axb6 Qxb6 46. Qc3 Bb5 47. Bxb5 axb5 48. Nf5+ Nxf5 49. exf5 e4 50. Kg2 Qa7 51. Qc8 Qa3 52. Qe8 Qf3+ 53. Kg1 Qxf5 54. Qe7+ Kg6 55. Qe8+ Kg7 56. Qe7+ Kg6 57. Qe8+ 1/2-1/2

[Event "27th Rubinstein Memorial"]
[Site "Polanica Zdroj POL"]
[Date "1989.08.??"]
[Round "11"]
[White "Sariego Figueredo, Wilfredo"]
[Black "Siekanski, Janusz"]
[WhiteElo "2324"]
[BlackElo "2365"]
[Result "1/2-1/2"]
[EventDate "1989.08.04"]
[PlyCount "43"]
1. e4 c5 2. c3 d5 3. exd5 Qxd5 4. d4 Nf6 5. Nf3 Nc6 6. Be3 cxd4 7. cxd4 e6 8. Nc3 Qd6 9. a3 Be7 10. Bd3 O-O 11. O-O b6 12. Qe2 Bb7 13. Rad1 Rac8 14. Bg5 g6 15. Bc4 Rfe8 16. d5 exd5 17. Nxd5 Nxd5 18. Bxd5 Nd4 19. Rxd4 Bxd5 20. Qd2 Rcd8 21. Bxe7 Rxe7 22. Rd1 1/2-1/2

[Event "27th Rubinstein Memorial"]
[Site "Polanica Zdroj POL"]
[Date "1989.08.??"]
[Round "12"]
[White "Stempin, Pawel"]
[Black "Haba, Petr"]
[WhiteElo "2405"]
[BlackElo "2485"]
[Result "1-0"]
[EventDate "1989.08.04"]
[PlyCount "229"]
1. d4 d5 2. c4 c6 3. Nf3 Nf6 4. cxd5 cxd5 5. Nc3 Nc6 6. Bf4 a6 7. Ne5 e6 8. e3 Nxe5 9. Bxe5 Nd7 10. Bg3 Nb6 11. Bd3 Bd7 12. O-O Rc8 13. Qe2 Bb4 14. Rac1 O-O 15. Rc2 Nc4 16. Rfc1 Qa5 17. Ne4 Be7 18. Nc5 Bxc5 19. dxc5 Bb5 20. a3 Qd8 21. Rc3 Qf6 22. a4 Bd7 23. b3 Na5 24. Bd6 Rfe8 25. b4 Nc4 26. Bxc4 dxc4 27. Qc2 Bc6 28. Rxc4 Qg6 29. Qxg6 hxg6 30. Ra1 e5 31. f3 f6 32. Rc2 Red8 33. Rb2 Ra8 34. Kf2 Kf7 35. e4 g5 36. Ke3 Ke6 37. Rd2 Be8 38. Rd3 Bc6 39. h3 Kf7 40. Kd2 Ke6 41. Kc3 b5 42. a5 Rd7 43. Kd2 Rh8 44. Ke3 g6 45. Kf2 Rhh7 46. Rad1 Rh8 47. Kf1 Rhd8 48. Ke2 Ba8 49. R3d2 Bc6 50. Kf2 Rc8 51. Rc1 Rcd8 52. Rc3 Rc8 53. Rcd3 Rcd8 54. Ke2 Ba8 55. Kd1 Bc6 56. Kc1 Ba8 57. Kc2 Bc6 58. Rd1 Ba8 59. Rh1 Rh7 60. Re1 Bc6 61. Red1 Rhd7 62. Kd2 Ba8 63. Ke2 Bc6 64. Kf2 Rc8 65. Kg3 Rh8 66. Rh1 Ba8 67. Re1 Bc6 68. Rde3 Ba8 69. R3e2 Bc6 70. Rd1 Ba8 71. Red2 Bc6 72. Kf2 Rhd8 73. Ke3 Ba8 74. Rd3 Bc6 75. R1d2 Ba8 76. g3 Bc6 77. h4 gxh4 78. gxh4 Kf7 79. Rd1 Re8 80. R3d2 Rh8 81. Rh2 Rdd8 82. Rg1 Rc8 83. Rhg2 Rhg8 84. Rg3 Rce8 85. R1g2 Rc8 86. Rh2 Rh8 87. Rg1 Rcd8 88. Rhg2 Rhg8 89. Rd2 Rh8 90. Rh1 Ba8 91. Rhh2 Bc6 92. Bc7 Rxd2 93. Rxd2 Re8 94. Bd8 Re6 95. Kf2 Re8 96. Rd6 Re6 97. Rd1 Re8 98. Ke2 Re6 99. Ke3 Re8 100. Rd3 Re6 101. Kf2 Kf8 102. Kg3 Kf7 103. Rd2 Kf8 104. Kg4 Ke8 105. h5 Bd7 106. h6 Kxd8 107. Kg3 Kc7 108. Rd6 Re8 109. Rxf6 g5 110. Rxa6 g4 111. Rg6 gxf3 112. h7 Rh8 113. Rg7 Kc6 114. a6 f2 115. Kxf2 1-0

[Event "27th Rubinstein Memorial"]
[Site "Polanica Zdroj POL"]
[Date "1989.08.??"]
[Round "12"]
[White "Tseitlin, Mikhail"]
[Black "Kuczynski, Robert"]
[WhiteElo "2381"]
[BlackElo "2470"]
[Result "1/2-1/2"]
[EventDate "1989.08.04"]
[PlyCount "108"]
1. e4 c5 2. Nf3 d6 3. d4 cxd4 4. Nxd4 Nf6 5. Nc3 a6 6. f4 Nbd7 7. Bd3 g6 8. Nf3 Bg7 9. e5 dxe5 10. fxe5 Ng4 11. e6 fxe6 12. Qe2 Qb6 13. Bc4 Nge5 14. Nxe5 Nxe5 15. Bb3 Nc6 16. Be3 Nd4 17. Bxd4 Qxd4 18. Rd1 Qe5 19. Qxe5 Bxe5 20. Na4 Bc7 21. Nc5 Rf8 22. Nxe6 Ba5+ 23. c3 Bxe6 24. Bxe6 Rd8 25. Ke2 Bc7 26. b4 Rf6 27. Rxd8+ Kxd8 28. Bd5 Be5 29. c4 Kc7 30. g3 h5 31. a4 h4 32. gxh4 Rf4 33. Rg1 Rxh4 34. Rxg6 Rxh2+ 35. Kd3 Rb2 36. Re6 Bf6 37. b5 axb5 38. axb5 Rb3+ 39. Ke4 Rb1 40. Kf5 Rf1+ 41. Kg6 Rb1 42. Kf7 Rb3 43. Re4 Rb2 44. Ke6 Rb3 45. Rg4 Rb1 46. Rg8 Re1+ 47. Kf7 Bd4 48. Be6 Bc5 49. Rc8+ Kb6 50. Bd5 Rf1+ 51. Ke6 Rf6+ 52. Kd7 Rd6+ 53. Ke8 Rh6 54. Kf7 Rf6+ 1/2-1/2

[Event "27th Rubinstein Memorial"]
[Site "Polanica Zdroj POL"]
[Date "1989.08.??"]
[Round "13"]
[White "Haba, Petr"]
[Black "Schmidt, Wlodzimierz"]
[WhiteElo "2485"]
[BlackElo "2465"]
[Result "1/2-1/2"]
[EventDate "1989.08.04"]
[PlyCount "54"]
1. e4 e6 2. d4 d5 3. Nd2 c5 4. exd5 exd5 5. Ngf3 Nc6 6. Bb5 Bd6 7. dxc5 Bxc5 8. O-O Nge7 9. Nb3 Bd6 10. Re1 O-O 11. Bg5 Bg4 12. Be2 h6 13. Bh4 Re8 14. c3 Qb6 15. Bxe7 Rxe7 16. h3 Be6 17. Nfd4 Rae8 18. Qd2 Bd7 19. Nf3 a5 20. Bd3 Rxe1+ 21. Rxe1 Rxe1+ 22. Nxe1 a4 23. Nd4 Nxd4 24. cxd4 Bb4 25. Qf4 Bd6 26. Qd2 a3 27. b3 Bb4 1/2-1/2

[Event "27th Rubinstein Memorial"]
[Site "Polanica Zdroj POL"]
[Date "1989.08.??"]
[Round "13"]
[White "Zaichik, Gennadi"]
[Black "Siekanski, Janusz"]
[WhiteElo "2500"]
[BlackElo "2365"]
[Result "1-0"]
[EventDate "1989.08.04"]
[PlyCount "41"]
1. e4 c5 2. Nf3 e6 3. d4 cxd4 4. Nxd4 Nf6 5. Nc3 d6 6. g4 Nc6 7. g5 Nd7 8. Be3 Be7 9. Rg1 O-O 10. Qh5 a6 11. O-O-O Re8 12. Rg3 Nxd4 13. Bxd4 b5 14. Kb1 Nf8 15. Rdd3 b4 16. Bxg7 Kxg7 17. Rdf3 bxc3 18. Rxf7+ Kg8 19. g6 h6 20. Qxh6 Bf6 21. Rxf8+ 1-0

[Event "27th Rubinstein Memorial"]
[Site "Polanica Zdroj POL"]
[Date "1989.08.??"]
[Round "14"]
[White "Stempin, Pawel"]
[Black "Schmidt, Wlodzimierz"]
[WhiteElo "2405"]
[BlackElo "2465"]
[Result "1-0"]
[EventDate "1989.08.04"]
[PlyCount "78"]
1. d4 Nf6 2. Nf3 g6 3. c4 Bg7 4. g3 O-O 5. Bg2 d5 6. cxd5 Nxd5 7. O-O Nb6 8. Nc3 Nc6 9. e3 e5 10. d5 Ne7 11. e4 Bg4 12. h3 Bxf3 13. Qxf3 c6 14. Rd1 cxd5 15. Nxd5 Nbxd5 16. exd5 Qd6 17. Qb3 Rfc8 18. Bd2 Nf5 19. Rac1 Qd7 20. d6 Rxc1 21. Bxc1 Rb8 22. Qd5 Nd4 23. Kh2 h6 24. Be3 b6 25. Rc1 Ne6 26. h4 Rd8 27. Rc6 Bf8 28. h5 g5 29. Qxe5 Bxd6 30. Qf5 Bf8 31. Be4 Bg7 32. Qh7+ Kf8 33. b3 Qd1 34. Kg2 Qxh5 35. Rc1 Nf4+ 36. gxf4 Qg4+ 37. Kh2 Qh5+ 38. Kg2 Qg4+ 39. Kh2 Qh5+ 1-0

[Event "27th Rubinstein Memorial"]
[Site "Polanica Zdroj POL"]
[Date "1989.08.??"]
[Round "15"]
[White "Nun, Jiri"]
[Black "Siekanski, Janusz"]
[WhiteElo "2475"]
[BlackElo "2365"]
[Result "1-0"]
[EventDate "1989.08.04"]
[PlyCount "88"]
1. e4 c5 2. Nf3 e6 3. d4 cxd4 4. c3 d3 5. Bxd3 d6 6. O-O Nc6 7. c4 Nf6 8. Nc3 a6 9. Qe2 Be7 10. Rd1 Qc7 11. h3 O-O 12. Bf4 Ne5 13. Nxe5 dxe5 14. Be3 Bd7 15. a3 a5 16. Nb5 Qb8 17. c5 Bxb5 18. Bxb5 Nxe4 19. Rac1 Nf6 20. c6 Rc8 21. cxb7 Qxb7 22. Rxc8+ Qxc8 23. Rc1 Qd8 24. Bc6 Rc8 25. Qa6 Rb8 26. Bf3 Nd5 27. Ba7 Ra8 28. Qb7 h6 29. Bxd5 exd5 30. Rc7 Bf6 31. Rxf7 d4 32. Rd7 Qe8 33. b4 axb4 34. axb4 Kh8 35. Qd5 Rd8 36. Rxd8 Qxd8 37. Qxd8+ Bxd8 38. b5 Be7 39. Bb8 Bc5 40. Bxe5 d3 41. Kf1 Bb6 42. Bf4 Kg8 43. Be3 Bc7 44. b6 Bb8 1-0